| 000 | 00795nam a22002657a 4500 | ||
|---|---|---|---|
| 001 | 000646 | ||
| 003 | DO-SdBNP | ||
| 005 | 20180208145617.0 | ||
| 007 | 000646 | ||
| 008 | 161107b 1997 sp a ||||| |||| 00| 0 spa d | ||
| 020 | _a8426314198 | ||
| 040 |
_aBPMSU _bspa _cBPMSU |
||
| 100 | 1 | _aCabal, Ulises | |
| 245 | 1 | 0 |
_aEl misterio del león de piedra / _cUlises Cabal ; ilustrado por Alfonso Sánchez Pardo. |
| 250 | _a13ª ed. | ||
| 260 |
_aZaragoza, España : _bEdelvives, _c1997. |
||
| 300 |
_a91 p. : _bil. ; _c18 cm. |
||
| 490 | 1 |
_aAla delta _v38 |
|
| 500 | _aA partir de los 11 años | ||
| 700 | 1 | 2 |
_aSánchez Pardo, Alfonso, _d1948- |
| 830 | 0 |
_aAla delta ; _v38 |
|
| 942 |
_2ddc _cBK |
||
| 945 | _aInventariado, 2018 /LP | ||
| 956 |
_aLOPEREZ _210 _320161107 _6BPMSU _800041 |
||
| 999 |
_c11816 _d11816 |
||